[Event "FIDE WCCC U12 2018"]
[Site "Santiago de Compostela"]
[Date "2018.11.14"]
[Round "10"]
[White "Droin, Augustin"]
[Black "Stalmach, Richard"]
[Result "1/2-1/2"]
[WhiteElo "2155"]
[BlackElo "2028"]
[Annotator "TA"]
[PlyCount "54"]
[EventDate "2018.11.04"]
[EventType "swiss"]
[EventCountry "ESP"]
[SourceTitle "playchess.com"]
[Source "ChessBase"]
[SourceQuality "1"]

{[%evp 10,54,17,-27,71,64,82,83,75,39,112,106,225,12,324,255,298,299,229,136,176,95,120,-41,-25,-19,-23,-342,-364,-322,-257,-275,-18,-17,-15,-15,70,0,0,0,-12,-33,-35,-43,-27,-31,0]} 1. e4 {[%cal Be2e4,Be4e5][%mdl 32]} d6 2. d4 Nf6 3. Nc3 g6 4. Bg5 Bg7 5. e5 Nfd7 6. Nd5 {LiveBook: 10 Games} c6 {B07: Pirc Defence: Miscellaneous Systems} (6... Nc6 $11 {remains equal.}) (6... f6 7. exf6 Nxf6 8. Bc4 Nxd5 9. Bxd5 c6 10. Bb3 Qa5+ 11. Bd2 Qf5 12. Ne2 Be6 13. Bxe6 Qxe6 14. O-O O-O 15. Nf4 Qf7 {1-0 (56) Cruz,J (2433)-Morros Faura,R (2256) Sant Boi 2017}) 7. Nxe7 $16 h6 $146 ({Predecessor:} 7... dxe5 8. Nxg6 Qxg5 9. Nxh8 Bxh8 10. Nf3 Qe7 11. Nxe5 Nxe5 12. dxe5 Bxe5 13. Qe2 Bxb2 14. Rb1 {0-1 (21) Krongraf,H (1736)-Alvermann,C (1904) Leipzig 2017}) 8. Nf5 (8. exd6 hxg5 9. Bc4 Nb6 $17) 8... hxg5 {White is better.} 9. Nxd6+ Ke7 (9... Kf8 $14) 10. Bc4 Qa5+ (10... Nxe5 $16 11. dxe5 Bxe5) 11. c3 $2 (11. Kf1 $18) 11... f6 $2 {[%mdl 8192]} (11... Nxe5 $1 $11 12. Nxc8+ Rxc8 13. dxe5 Qxe5+ 14. Kf1 Nd7) 12. Qg4 fxe5 {[%cal Bf6e5,Be5d4,Bd4c3][%mdl 32]} 13. Qe6+ Kd8 14. Qxg6 (14. a4 $18 b5 15. b4 (15. Qxg6 Bf6 $11)) 14... Bf6 15. Nf7+ (15. Nf3 $18) 15... Kc7 16. Nxh8 $2 (16. Nf3 $16) 16... exd4 $15 17. Nf7 {b4 is the strong threat.} dxc3 18. O-O-O $2 {[%mdl 8192] [#]} (18. Kf1 $11 {and White is okay.}) 18... Qb4 $1 $19 {[%csl Gc3,Gf6][%cal Rb4b2]} (18... cxb2+ 19. Kb1 $16) 19. Qc2 Qxc4 20. Nd6 Qf4+ $2 (20... Qxa2 21. Ne8+ Kb6 22. bxc3 $17) (20... cxb2+ $19 21. Kb1 Qxc2+ 22. Kxc2 Na6 23. Ne8+ Kb6 24. Nxf6 Nxf6) 21. Kb1 $11 Na6 22. Ne2 $1 {[%cal Re2f4]} Qh4 (22... Qb4 $11) 23. Ne8+ ({Much worse is} 23. bxc3 Qh8 $15) ({Worse is} 23. Nxc8 Rxc8 24. Nxc3 Ndc5 $17) (23. Nxc3 $14 Nb4 24. Qg6 (24. Qf5 Bxc3 25. bxc3 Nd5 $15)) 23... Kb8 {[#] Hoping for ...Nb4.} 24. Nxf6 Nxf6 25. Nxc3 Nb4 26. Qg6 $1 Qf4 27. Ka1 $1 Bf5 {Precision: White = 32%, Black = 20%.} ({But not} 27... Qxf2 $2 28. Rhf1 $18) 1/2-1/2

[Event "FIDE WCCC U12 2018"]
[Site "Santiago de Compostela"]
[Date "2018.11.14"]
[Round "10"]
[White "Grebnev, Aleksey"]
[Black "Suleymanli, Suleyman"]
[Result "1-0"]
[WhiteElo "2151"]
[BlackElo "1882"]
[Annotator "TA"]
[PlyCount "106"]
[EventDate "2018.11.04"]
[EventType "swiss"]
[EventCountry "ESP"]
[SourceTitle "playchess.com"]
[Source "ChessBase"]
[SourceQuality "1"]

{[%evp 18,106,31,31,29,33,33,-7,0,0,26,17,51,49,111,94,149,185,165,175,180,25,68,21,123,77,111,78,124,124,124,123,141,141,130,0,122,129,128,114,128,119,172,168,156,133,125,125,126,124,126,0,0,0,126,108,169,177,175,154,181,184,197,188,227,233,451,455,450,439,521,462,533,541,622,579,592,490,472,435,714,680,581,385,2888,2623,3264,2153,1957,856,1427]} 1. e4 e6 2. d4 d5 3. e5 c5 4. c3 Qb6 5. Nf3 Bd7 6. Bd3 Nc6 7. dxc5 Bxc5 8. O-O a5 9. a4 Nge7 {C02: French: Advance Variation} 10. Na3 {[%cal Bb1a3,Ba3c2,Bc2d4,Bd4f5][%mdl 32] LiveBook: 3 Games} Ng6 (10... h6 11. Nb5 O-O 12. Bf4 Ng6 13. Bg3 Nce7 14. h4 Bxb5 15. axb5 Nf5 16. Bxf5 exf5 17. Qa4 {1-0 (48) Nun,J (2376)-Kucera,P (2379) Czechia 2013}) 11. Qe2 O-O {White is slightly better.} 12. Nc2 $146 ({Predecessor:} 12. Nb5 f6 13. exf6 Rxf6 14. Bg5 Rf7 15. Qc2 Raf8 16. Bxg6 hxg6 17. Rae1 {0-1 (43) Bolduc,S (2173)-Duong,T (2132) Montreal 2017}) 12... Qc7 {[%cal Rc6e5]} 13. Re1 Rac8 14. Bd2 Nce7 15. Ncd4 Qb6 (15... h6 $14) 16. h4 $16 {[%cal Bh2h4,Bh4h5][%mdl 32]} Nf5 {[#]} (16... Bxd4 $142 17. cxd4 (17. Nxd4 Nxh4 18. Bxh7+ Kxh7 $11) 17... Nc6) 17. Nxf5 $1 exf5 18. h5 Ne7 {[#]} 19. Bf4 $2 (19. h6 $1 $18 {[%mdl 512]}) 19... h6 20. Qd2 Qe6 (20... d4 $11 {keeps the balance.}) 21. Bc2 Rfd8 22. Be3 Bxe3 23. Qxe3 Nc6 24. Rad1 Re8 25. Bb3 Ne7 26. Bc2 Nc6 27. Qf4 Rcd8 28. Re3 Bc8 29. Bb3 Rd7 (29... Kh8 $16 30. Ree1 Kg8) 30. Red3 $18 Red8 31. Qe3 Kh7 32. Kh1 Kg8 33. Re1 Kh8 34. Nd2 (34. Kg1 $16) 34... Qe7 $11 35. Nf3 (35. Qg3 $11) 35... Qe6 $16 36. Nh4 Kg8 (36... Rc7 $16) 37. f4 $18 Kh8 38. Nf3 Qe7 {intending ...d4.} 39. Red1 Qe6 40. Qc5 Qe7 41. Qb5 d4 $2 (41... Rc7 42. Rxd5 (42. Bxd5 Be6 $16) 42... Rxd5 43. Rxd5 (43. Bxd5 Be6 $16) 43... Be6) 42. cxd4 Nb4 43. Rc3 b6 44. d5 {[%cal Bd4d5,Bd5d6][%mdl 32]} Ba6 45. Qxb6 Bb7 {[%cal Rb7d5]} 46. d6 Qe8 47. Nh4 Be4 48. Rc7 Nd3 (48... Kh7 $142 49. Nf3 Nd3) 49. Rxd7 Rxd7 50. Qe3 Rxd6 $2 (50... Qd8 51. Nf3 Nb4) 51. exd6 {White is clearly winning.} Qd8 52. Nf3 Qxd6 53. Bc2 Qd8 {Precision: White = 59%, Black = 26%.} 1-0

[Event "FIDE WCCC U12 2018"]
[Site "Santiago de Compostela"]
[Date "2018.11.14"]
[Round "10"]
[White "Tian, Eddy"]
[Black "Guo, Arthur"]
[Result "0-1"]
[WhiteElo "2151"]
[BlackElo "2333"]
[Annotator "TA"]
[PlyCount "88"]
[EventDate "2018.11.04"]
[EventType "swiss"]
[EventCountry "ESP"]
[SourceTitle "playchess.com"]
[Source "ChessBase"]
[SourceQuality "1"]

{[%evp 9,88,-12,-7,-11,-14,-32,-8,-33,0,-33,-32,-33,-34,-47,-34,-39,-34,-54,-68,-49,-54,-75,-41,-78,-64,-118,-111,-131,-122,-118,-122,-177,-106,-97,-104,-108,-95,-106,-95,-124,-101,-92,-99,-103,-105,-127,-101,-350,-348,-368,-354,-345,-364,-397,-392,-398,-399,-391,-408,-451,-460,-682,-690,-701,-706,-703,-697,-728,-683,-728,-728,-728,-720,-707,-705,-728,-718,-714,-699,-663,-659]} 1. d4 Nf6 2. Nc3 d5 3. Bf4 a6 4. e3 e6 5. Nf3 Be7 {LiveBook: 4 Partien} (5... c5 6. Bd3 cxd4 7. exd4 Nc6 8. O-O Be7 9. Ne2 Nb4 10. c3 Nxd3 11. Qxd3 O-O 12. Ne5 {½-½ (39) Mamedyarov,S (2801)-Giri,A (2782) chess.com INT 2018}) 6. h3 {D00: Damenbauernspiele} b5 $146 ({Vorgänger:} 6... O-O 7. Bd3 b5 8. a3 Bb7 9. b4 Nbd7 10. O-O Bd6 11. Ne2 Ne4 12. Ne5 {½-½ (39) Matsuura,E (2486)-Quintiliano Pinto,R (2378) Praia da Pipa 2014}) 7. a3 Bb7 8. Be2 {Die Stellung ist ausgeglichen.} O-O 9. O-O c5 10. dxc5 Bxc5 11. Bd3 Nbd7 12. Re1 Re8 {Droht ...e5 und aus.} 13. Ne5 Nxe5 14. Bxe5 Nd7 15. Bh2 f5 16. b4 Bf8 17. f3 (17. Ne2 $15) 17... g6 $17 {zielt auf ...Lg7 ab.} 18. Qd2 Bg7 19. Rad1 Rc8 20. Na2 (20. Ne2 $17) 20... Nf6 (20... Nb6 $19 21. Bg3 Nc4 22. Bxc4 Rxc4) 21. Qf2 Qb6 22. Nc1 e5 23. Nb3 Bf8 24. Rd2 Bh6 {...d4! ist eine echte Drohung.} 25. Rdd1 e4 26. fxe4 dxe4 {[%cal Bd5e4,Be4e3][%mdl 32]} 27. Bf1 {[#]} Nd5 $1 $36 {[%cal Rh6e3][%mdl 2048] Weiss steht unter starkem Druck.} 28. Nd4 $2 (28. Nc5 $17 Rxc5 29. bxc5 Qxc5 30. c4 bxc4 31. Kh1) 28... Rc3 $19 {[%cal Rh6e3]} 29. Bf4 Nxf4 30. exf4 Bg7 ({Nicht} 30... Rxa3 31. c4 $19) 31. Nb3 e3 32. Qe2 {Weiss hofft, mit Sc5 fortzusetzen.} Qc7 33. Nc5 {beabsichtigt Td7.} Ba8 34. g3 {Wenn Weiss jetzt Zeit für Lg2 hätte...} Qc6 {[%csl Ga8][%cal Rc6h1] Schwarz steht klar auf Gewinn.} 35. Bg2 (35. Qh2 $142 Rxc2 36. Re2) 35... Qxg2+ 36. Qxg2 Bxg2 37. Kxg2 Rxc2+ 38. Kg1 e2 39. Rb1 Bc3 40. Kf2 Bxe1+ 41. Rxe1 {[#]} a5 $1 42. g4 (42. bxa5 Rxc5) 42... axb4 43. axb4 Rc4 44. Nd3 Rd8 {Precision: Weiß = 46%, Schwarz = 72%.} 0-1

[Event "FIDE WCCC U12 2018"]
[Site "Santiago de Compostela"]
[Date "2018.11.14"]
[Round "10"]
[White "Bui, Bao Anh Le"]
[Black "Nathan, Krishna"]
[Result "1-0"]
[WhiteElo "2101"]
[BlackElo "1895"]
[Annotator "TA"]
[PlyCount "65"]
[EventDate "2018.11.04"]
[EventType "swiss"]
[EventCountry "ESP"]
[SourceTitle "playchess.com"]
[Source "ChessBase"]
[SourceQuality "1"]

{[%evp 21,65,8,72,78,89,70,81,72,70,66,122,94,95,96,150,133,293,250,260,135,323,276,284,256,360,363,470,478,425,360,496,163,843,510,585,604,29983,29984,29987,29988,29988,29989,29996,29997,29997,29998]} 1. e4 e6 2. d4 d5 3. Nc3 Nf6 4. Bg5 dxe4 {[#]} 5. Nxe4 $1 {[%mdl 512]} Be7 (5... Nxe4 6. Bxd8) 6. Bxf6 Bxf6 7. Nf3 Nd7 8. Bd3 O-O 9. c3 Be7 10. Qc2 h6 11. O-O-O Nf6 (11... c5 $11 {keeps the balance.}) 12. Nxf6+ $16 {C13: French: Classical System: 4 Bg5 Be7, Alekhine-Chatard Attack} Bxf6 13. h4 $146 ({Predecessor:} 13. g4 Bg5+ 14. Kb1 Qf6 15. Qe2 Bf4 16. h4 g6 17. g5 Qg7 18. gxh6 Qxh6 19. Rdg1 Kh8 {1-0 (30) Pfeiffer,E (1726)-Tietz,H (1541) Germany 2005}) 13... c5 14. dxc5 {White is better.} Qc7 15. Kb1 g6 (15... Bd7 $14) 16. Qd2 Bg7 17. Qe3 $36 {[%mdl 2048] Keeping Black busy.} e5 ({Better is} 17... Rd8) 18. h5 Bf5 $2 (18... g5 $16 {was worth a try.} 19. Nxg5 hxg5) 19. hxg6 fxg6 20. Nh4 (20. Bxf5 $18 Rxf5 21. Rd6) 20... Rf6 $2 (20... Bxd3+ $16 21. Rxd3 (21. Qxd3 Rxf2 22. Qxg6 Qc6 $16) 21... g5) 21. Bxf5 gxf5 {[#]} 22. Rd6 $1 {[%mdl 512]} Rf7 (22... f4 {is a better defense.} 23. Qd3 Rxd6 24. cxd6 Qc6) (22... Rxd6 23. cxd6) 23. Qg3 $18 {Hoping for Rxh6.} f4 24. Qg4 Qc8 25. Qg6 Qxc5 26. Nf3 $2 (26. Nf5 Rxf5 27. Rd7) 26... Kf8 $2 (26... e4) 27. Rhd1 {[%cal Bh1d1,Bd1d5,Bd5e5][%mdl 32] Threatens to win with Rd7.} Qc7 28. Nh4 Qc8 29. Qh7 {White mates.} Ke8 30. Qg8+ Bf8 31. R1d5 Ke7 32. Ng6+ Ke8 33. Rxe5+ {Precision: White = 57%, Black = 18%.} 1-0

[Event "FIDE WCCC U12 2018"]
[Site "Santiago de Compostela"]
[Date "2018.11.14"]
[Round "10"]
[White "Razafindratsima, Timothe"]
[Black "Chen, Max"]
[Result "1-0"]
[WhiteElo "2092"]
[BlackElo "1910"]
[Annotator "NA RC"]
[PlyCount "117"]
[EventDate "2018.11.04"]
[EventType "swiss"]
[EventCountry "ESP"]
[SourceTitle "playchess.com"]
[Source "ChessBase"]
[SourceQuality "1"]
[TimeControl "40/5400+30:1800+30"]

{[%evp 16,114,46,32767,33,32767,32767,32767,32767,32767,43,58,51,39,50,13,18,33,51,35,45,55,82,86,32767,83,32767,85,32767,32767,89,89,86,88,86,82,83,85,96,96,97,87,110,111,32767,111,139,95,32767,32767,32767,32767,32767,222,234,276,224,250,248,287,256,290,310,32767,357,456,580,791,32767,1585,697,1740,32767,5503,5106,29955,9122,29979,29977,29982,12353,29983,29976,29985,32767,12847,29986,32767,32767,29988,32767,32767,32767,29992,32767,32767,32767,29994,29995,685,29995]} 1. e4 {[%emt 0:00:00]} g6 {[%emt 0:00:18]} 2. d4 {[%emt 0:00:12]} Bg7 {[%emt 0:00:22]} 3. Nc3 {[%emt 0:00:11]} c6 {[%emt 0:00:35]} 4. Nf3 {[%emt 0:01:27]} d5 {[%emt 0:01:32]} 5. h3 {[%emt 0:00:14]} Nf6 {[%emt 0:00:37]} 6. e5 {[%emt 0:00:16]} Ne4 {[%emt 0:00:12]} 7. Nxe4 {[%emt 0:00:15]} dxe4 {[%emt 0:00:14]} 8. Ng5 {[%emt 0:00:05]} c5 {[%emt 0:00:47] LiveBook: 255 Partien} 9. dxc5 {[%emt 0:00:11]} Qa5+ {[%emt 0:02:14]} 10. c3 {[%emt 0:00:07] B15: Caro-Kann: 3 Nc3: 3...g6 and 3...dxe4 4 Nxe4 Nf6 5 Nxf6+ exf6} Qxc5 {[%emt 0:02:35]} 11. Qd4 $146 {[%emt 0:00:05]} ({Predecessor:} 11. Be3 Qxe5 12. Bc4 e6 13. Qc2 Bd7 14. Qxe4 Bc6 15. Qxe5 Bxe5 16. O-O Nd7 17. Rad1 Ke7 {½-½ (29) Bures,J (2485)-Banet,J (2487) ICCF email 2010}) 11... Qxe5 {[%emt 0:03:57]} 12. Qc4 {[%emt 0:00:06]} Be6 $1 {[%emt 0:15:21]} 13. Nxe6 {[%emt 0:00:45]} Qxe6 {[%emt 0:03:31]} 14. Qxe6 {[%emt 0:01:55]} fxe6 {[%emt 0:00:15]} 15. Bc4 {[%emt 0:00:35]} Kf7 {[%emt 0:07:18]} 16. Bf4 {[%emt 0:05:11]} Nd7 {[%emt 0:03:22]} 17. O-O-O {[%emt 0:03:01]} Nc5 {[%emt 0:06:19]} 18. Be3 {[%emt 0:04:55]} Rac8 {[%emt 0:12:16]} 19. Rhe1 {[%emt 0:08:54]} Nd3+ {[%emt 0:01:56]} 20. Bxd3 {[%emt 0:00:44]} exd3 {[%emt 0:00:07]} 21. Rxd3 {[%emt 0:00:17]} Rhd8 {[%emt 0:07:44]} 22. Red1 {[%emt 0:11:12]} Rxd3 {[%emt 0:00:28]} 23. Rxd3 {[%emt 0:00:10]} a6 {[%emt 0:01:05]} 24. Rd7 {[%emt 0:01:33]} b5 {[%emt 0:00:45]} 25. Kd2 {[%emt 0:03:22]} Rc6 {[%emt 0:03:44]} 26. Rb7 {[%emt 0:02:14]} e5 {[%emt 0:05:08]} 27. Kd3 {[%emt 0:12:42]} Ke6 {[%emt 0:02:08]} 28. f3 {[%emt 0:00:23]} Bf6 {[%emt 0:02:36]} 29. Rb6 {[%emt 0:07:09]} Rd6+ {[%emt 0:07:47]} 30. Ke4 {[%emt 0:01:16]} Kd7 {[%emt 0:02:55]} 31. b3 {[%emt 0:08:50]} Kc7 {[%emt 0:01:07]} 32. Rxd6 {[%emt 0:00:07]} exd6 {[%emt 0:00:23]} 33. Kd5 {[%emt 0:00:10]} Kd7 {[%emt 0:00:28]} 34. c4 {[%emt 0:00:18]} bxc4 {[%emt 0:00:27]} 35. bxc4 {[%emt 0:00:06]} Be7 {[%emt 0:01:09]} 36. c5 {[%emt 0:01:32]} dxc5 {[%emt 0:01:34]} 37. Bxc5 {[%emt 0:00:26]} ({Schlechter ist} 37. Kxe5 Kc6 $11) 37... Bf6 {[%emt 0:00:12]} 38. Bd6 {[%emt 0:00:05]} Bh4 {[%emt 0:01:03]} 39. Bxe5 {[%emt 0:00:22]} Bf2 {[%emt 0:00:14]} 40. f4 {[%emt 0:00:00]} Bg3 $2 {[%emt 0:00:00] [#]} (40... h5 {is more resistant.} 41. g4 Ke7) 41. f5 $1 {[%emt 0:05:54]} Be1 {[%emt 0:05:19]} 42. f6 {[%emt 0:01:04]} Bb4 {[%emt 0:02:38]} 43. Bd4 {[%emt 0:00:25]} h5 {[%emt 0:04:50]} 44. Bc5 {[%emt 0:01:46]} Bxc5 {[%emt 0:00:18]} 45. Kxc5 {[%emt 0:00:05]} Ke6 {[%emt 0:00:04]} 46. Kb6 {[%emt 0:00:25]} Kxf6 {[%emt 0:00:09]} 47. Kxa6 {[%emt 0:00:05]} Kf5 {[%emt 0:00:16]} 48. Kb6 {[%emt 0:00:35]} Kf4 {[%emt 0:00:07]} 49. a4 {[%emt 0:00:11]} Kg3 {[%emt 0:00:07]} 50. a5 {[%emt 0:00:04]} Kxg2 {[%emt 0:00:04]} 51. a6 {[%emt 0:00:09]} Kxh3 {[%emt 0:00:09]} 52. a7 {[%emt 0:00:04]} g5 {[%emt 0:00:20]} 53. a8=Q {[%emt 0:00:13]} Kh4 {[%emt 0:00:14]} 54. Kc5 {[%emt 0:00:31]} g4 {[%emt 0:00:17]} 55. Kd4 {[%emt 0:00:11]} Kg3 {[%emt 0:00:07]} 56. Qh1 {[%emt 0:00:43]} h4 {[%emt 0:00:07]} 57. Ke3 {[%emt 0:00:06]} (57. Ke4 $142 h3 58. Qg1+ Kh4 59. Kf5 g3 60. Qd4+ Kh5 61. Qh8#) 57... h3 {[%emt 0:00:06]} 58. Qg1+ {[%emt 0:00:03]} Kh4 {[%emt 0:00:10]} 59. Ke4 1-0

[Event "FIDE WCCC U12 2018"]
[Site "Santiago de Compostela"]
[Date "2018.11.14"]
[Round "10"]
[White "Mekhane, Adam"]
[Black "Amilal Munkhdalai"]
[Result "0-1"]
[WhiteElo "2065"]
[BlackElo "1864"]
[Annotator "NA RC"]
[PlyCount "72"]
[EventDate "2018.11.04"]
[EventType "swiss"]
[EventCountry "ESP"]
[SourceTitle "playchess.com"]
[Source "ChessBase"]
[SourceQuality "1"]
[TimeControl "40/5400+30:1800+30"]

{[%evp 8,72,24,24,28,20,14,32767,32767,32767,32767,32767,32767,32767,32767,32767,50,43,74,70,65,67,51,43,58,4,103,49,104,118,32767,95,85,32767,32767,32767,-359,-375,32767,-369,-396,-389,32767,-470,-527,32767,-476,-697,-780,-728,32767,-869,-784,-762,32767,-837,-891,-902,-888,32767,32767,32767,32767,32767,-29975,-5127,-29973]} 1. e4 {[%emt 0:00:00]} c5 {[%emt 0:00:00]} 2. Nf3 {[%emt 0:00:00]} d6 {[%emt 0:00:00]} 3. d4 {[%emt 0:00:00]} cxd4 {[%emt 0:00:00]} 4. Nxd4 {[%emt 0:00:00]} Nf6 {[%emt 0:00:00]} 5. Nc3 {[%emt 0:00:00]} a6 {[%emt 0:00:00]} 6. Bc4 {[%emt 0:00:00]} e6 {[%emt 0:00:06]} 7. Bb3 {[%emt 0:00:04]} Nbd7 {[%emt 0:01:01]} 8. f4 {[%emt 0:00:34]} Nc5 {[%emt 0:02:55]} 9. e5 {[%emt 0:02:45]} dxe5 {[%emt 0:05:23] B86: Sizilianisch (Sosin-Angriff)} (9... Nfd7 10. Be3 dxe5 11. fxe5 Be7 12. Nf3 b5 13. Qe2 Bb7 14. O-O O-O 15. Rad1 Qc7 16. Bf4 Rad8 17. a3 Nxb3 18. cxb3 {0-1 (62) Kevlishvili,R (2502)-Ivic,V (2432) Ankara 2018}) 10. fxe5 {[%emt 0:00:06]} Nxb3 {[%emt 0:01:50]} 11. axb3 {[%emt 0:03:07]} Nd7 {[%emt 0:09:42]} 12. Bf4 {[%emt 0:05:05] LiveBook: 3 Games} Bc5 {[%emt 0:02:44] [#]} 13. Ne4 $1 {[%emt 0:09:28]} O-O {[%emt 0:01:49]} 14. Nxc5 {[%emt 0:03:26]} Nxc5 {[%emt 0:00:08]} 15. b4 {[%emt 0:02:22]} Nd7 {[%emt 0:00:57]} 16. Qg4 {[%emt 0:04:48]} Kh8 $146 {[%emt 0:00:38]} ({Vorgänger:} 16... f5 $11 17. Qf3 (17. Qg3 {1-0 (36) Dauletova,G (2253)-Sahl,S (2219) Dresden 2008}) 17... Nb6) 17. O-O {[%emt 0:05:54]} Qe7 {[%emt 0:09:53]} 18. c3 {[%emt 0:09:17]} f5 {[%emt 0:05:09]} 19. Qg3 {[%emt 0:03:57]} Nb6 {[%emt 0:03:14]} 20. Nb5 {[%emt 0:05:09]} axb5 {[%emt 0:00:26]} 21. Be3 {[%emt 0:02:58]} Rxa1 {[%emt 0:00:26]} 22. Rxa1 {[%emt 0:00:01]} Qc7 {[%emt 0:01:57]} 23. Bc5 {[%emt 0:01:44]} Re8 {[%emt 0:02:30]} 24. Rd1 {[%emt 0:06:36]} Nd5 {[%emt 0:01:55]} 25. Rd4 {[%emt 0:02:49]} b6 {[%emt 0:02:55]} 26. Rh4 {[%emt 0:01:46]} Qf7 {[%emt 0:01:31]} 27. Bd6 {[%emt 0:02:09]} Bb7 {[%emt 0:01:15]} 28. b3 {[%emt 0:00:48]} Ra8 {[%emt 0:01:20]} 29. c4 {[%emt 0:01:42]} Ra1+ {[%emt 0:02:25]} 30. Kf2 {[%emt 0:00:44]} Ra2+ {[%emt 0:00:16]} 31. Ke1 {[%emt 0:01:17]} Ne7 {[%emt 0:03:34]} 32. Qh3 {[%emt 0:07:34]} h6 {[%emt 0:05:52]} 33. Bxe7 {[%emt 0:03:57]} Qxe7 {[%emt 0:00:21]} 34. Rxh6+ {[%emt 0:00:06]} gxh6 {[%emt 0:00:04]} 35. Qxh6+ {[%emt 0:00:03]} Kg8 {[%emt 0:00:05]} 36. Qg6+ $19 {[%emt 0:00:03]} Kf8 {[%emt 0:00:09]} 0-1

[Event "FIDE WCCC U12 2018"]
[Site "Santiago de Compostela"]
[Date "2018.11.14"]
[Round "10"]
[White "Han, Yichen"]
[Black "Gukesh D"]
[Result "0-1"]
[WhiteElo "2061"]
[BlackElo "2457"]
[Annotator "TA"]
[PlyCount "118"]
[EventDate "2018.11.04"]
[EventType "swiss"]
[EventCountry "ESP"]
[SourceTitle "playchess.com"]
[Source "ChessBase"]
[SourceQuality "1"]

{[%evp 22,118,0,0,16,0,26,22,14,0,10,16,20,0,0,-16,-26,-29,-25,-27,-17,-25,-15,-25,-37,-69,-68,-110,-92,-93,-101,-136,-89,-83,-91,-93,-114,-158,-163,-168,-185,-185,-164,-159,-151,-160,-110,-133,0,-114,-112,-121,-104,-110,-113,-144,-132,-147,-140,-125,-111,-172,-175,-253,-284,-305,-239,-365,-378,-340,-347,-681,-631,-679,-631,-630,-630,-602,-588,-495,0,-645,-620,-1605,-1575,-12835,-6468,-29975,-29977,-29977,-29975,-29975,-5791,-29978,-29976,-29982,-29983,-29985,-29986]} 1. e4 c5 2. Nf3 d6 3. d4 cxd4 4. Nxd4 Nf6 5. Nc3 a6 6. Bg5 Nbd7 7. Bc4 Qb6 {B94: Sicilian Najdorf: 6 Bg5 Nbd7} (7... h6 8. Bh4 g6 9. Qe2 Bg7 10. O-O-O O-O 11. Bb3 Qc7 12. Kb1 Rb8 13. f4 e5 14. fxe5 dxe5 15. Nf3 b5 16. g4 {1-0 (61) Nepomniachtchi,I (2751)-Korobov,A (2678) Poikovsky 2018}) 8. Bb3 e6 9. Qd2 Be7 10. O-O-O Nc5 11. Rhe1 O-O 12. Kb1 {LiveBook: 3 Games} Qc7 13. f4 h6 $1 {[%cal Rh6g5]} 14. Bxf6 Bxf6 15. f5 {[#]} Nxb3 $146 (15... Bg5 {with more complications.} 16. Qe2 Bf6 17. Qd2) ({Predecessor:} 15... Bd7 16. fxe6 fxe6 {½-½ (33) Swiercz,D (2585)-Bogner,S (2534) Germany 2011}) 16. axb3 Rd8 17. fxe6 Bxe6 18. Nd5 Bxd5 $1 19. exd5 a5 {[%cal Ba6a5,Ba5a4][%mdl 32]} 20. Rf1 {[#] And now Rxf6! would win.} Be5 21. Nf3 a4 {Hoping for ...axb3.} 22. Nxe5 dxe5 23. d6 Qd7 24. Qd5 axb3 25. Qxb3 Ra6 26. Qc4 Rf8 27. Qd5 Qa4 $36 {[%csl Ga6][%cal Ra4a1][%mdl 2048] White is under strong pressure.} 28. c3 Ra5 29. Qf3 Qa2+ ({Much worse is} 29... e4 $6 30. Qe2 $11) 30. Kc2 Rb5 31. Rb1 {[#] intending Rfd1.} Qb3+ $1 32. Kc1 Rd5 33. Rd1 Rxd1+ 34. Qxd1 Qxd1+ 35. Kxd1 $17 {[%mdl 4096] Endgame KR-KR} Rd8 36. Ke2 Rxd6 37. Ra1 f6 {[%cal Bf7f6,Bf6f5,Bf5f4][%mdl 32]} 38. Ke3 Kf7 39. Ra4 Ke6 40. Rb4 b6 41. c4 (41. g4 $17) 41... f5 $19 42. Rb5 (42. h4 $142) 42... g5 43. h3 h5 44. b4 (44. Kf3 $142) 44... f4+ 45. Kf3 Kf5 46. c5 $2 (46. g4+ fxg3 47. Kxg3) 46... bxc5 47. Rxc5 Rd3+ 48. Ke2 Rb3 49. b5 Ke4 50. Rc4+ Kf5 $2 ({Black should try} 50... Kd5 $19 51. Rc7 Rb2+ 52. Kf1 g4) 51. Rc8 $2 {[%mdl 8192]} (51. Rc5 $11 Rb2+ 52. Kf1) 51... Rxb5 52. Rf8+ Ke4 53. Rg8 Rb2+ 54. Kf1 Ke3 {[%cal Rb2b1]} 55. Kg1 Rb1+ 56. Kh2 e4 (56... Kf2 $142 57. Rxg5 e4 58. Rf5 f3 59. h4 Rb3 60. Rf6 Kf1 61. gxf3 e3 62. Re6 e2 63. Kg3 e1=Q+ 64. Rxe1+ Kxe1 65. Kf4 Ke2 66. Kg5 Rb5+ 67. Kf4 Kf2 68. Ke4 Rb4+ 69. Kf5 Kg3 70. Kg5 Rxh4 71. f4 Rh2 72. f5 h4 73. Kg6 Rf2 74. Kf7 h3 75. Kf8 h2 76. Kf7 Rxf5+ 77. Ke6 Kg4 78. Kd6 h1=Q 79. Kd7 Qh7+ 80. Kd6 Qg6+ 81. Kd7 Rf7+ 82. Ke8 Qg8#) 57. Rxg5 Kf2 {Black mates.} 58. Rf5 f3 59. gxf3 e3 {Precision: White = 48%, Black = 87%.} 0-1